000 01334nam a2200265Ia 4500
003 Ost
005 20260416102353.0
008 260416s9999||||xx |||||||||||||| ||und||
040 _cfsecg
041 _aara
082 _a338.5
100 _aتوام، زاهية
_eمؤلف
245 0 _aمحاضرات في الإقتصاد الجزئي /
_c زاهية توام
260 _aالجزائر
_bجامعة الجزائر3: كلية العلوم الإقتصادية، العلوم التجارية وعلوم التسيير
_c2019
300 _a116 ورقة
_bايضاحات
_c30 سم
504 _aمراجع ص.115
520 _aمفاهيم أولية حول الاقتصاد و المشكلة الاقتصادية، نظرية الطلب و مرونته، نظرية العرض و مرونته، توازن السوق، تحليل سلوك المستهلك، نظرية الانتاج، نظريتي التكاليف و الايرادت.
653 _aالاسواق
653 _aالاقتصاد الجزئي
653 _aالعرض و الطلب
653 _aالمستهلكون
653 _aالمشاكل الاقتصادية
710 _aجامعة الجزائر3: كلية العلوم الإقتصادية، العلوم التجارية وعلوم التسيير
_eناشر علمي
942 _cHANDOUT
999 _c41110
_d41110